Fracaso escolar y desventajas sociales: un desafio para la inteligencia

שמור ב:
מידע ביבליוגרפי
מחבר ראשי: García, Delia (Author)
פורמט: ספר
שפה:ספרדית
יצא לאור: Buenos Aires Lumén 1996
נושאים:
תגים: הוספת תג
אין תגיות, היה/י הראשונ/ה לתייג את הרשומה!

MARC

LEADER 00000nam a2200000 a 4500
001 UCQ1053
003 CL-VaPUC
008 980703e19960000AG |||||||||||||||||spa|d
082 0 4 |a 371.28  |b GAR  |2 21 
100 0 |a García, Delia  |e author  |9 414566 
245 1 0 |a Fracaso escolar y desventajas sociales: un desafio para la inteligencia 
300 |a 195 p 
942 |c BK 
945 |d 19980703 00:00:00  |a mvenant 
260 |a Buenos Aires  |b Lumén  |c 1996 
650 7 |a FRACASO ESCOLAR  |2 CL-VaPUC  |9 308828 
650 0 |a Sociología de la educación   |9 260380 
583 |a last modification  |c 19980703 00:00:00  |k Rodrigo Vera 
999 |c 272059  |d 272057 
952 |0 0  |1 0  |4 0  |6 371_280000000000000_GAR_1996  |7 0  |8 A  |9 306902  |a BIBEDU  |b BIBEDU  |d 2019-11-20  |i 3440583  |o 371.28 GAR 1996  |p 3440583  |r 2019-11-20  |w 2019-11-20  |y BK  |k BME